000 00943nam a2200229 u 4500
001 000294636
003 AM-YeHGA
005 20250618071917.0
008 031217s1966 ai r 000 0 arm d
040 _aAM-YeHGA
041 0 _aarm
080 _aAp2
090 _aՄ-99
100 1 _aՄուրադյան, Հեղինե Գրիգորի
245 1 0 _aԿամար-կամար :
_b[Բանաստեղծություններ] /
_cՀ.Գ. Մուրադյան; Խմբ.՝ Խ.Թ. Հրաչյան; Նկ.՝ Խ.Հ. Գյուլամիրյան.
260 _aԵրևան :
_bՀայաստան,
_c1966.
300 _a20 էջ :
_bնկ. ;
_c17 սմ.
650 1 4 _aՀայ մանկական գրականություն
_xԲանաստեղծություն
700 1 _aՀրաչյան, Խաչիկ Թադևոսի,
_d1912-1989
_eխմբ.
_4edt
_91925
700 1 _aԳյուլամիրյան, Խաչատուր Հովհաննեսի,
_d1922-2001
_eնկ.
_4art
_93258
090 _c109385
999 _c108057
_d108057